Sports Quiz

Random Sports or NHL Quiz

Big 4 'C' Team Blitz Quiz Stats

 Plays Quiz Updated Feb 6, 2017

Challenge
Share
Tweet
Embed
Score 0/14 Timer 01:30
4 Plays Today
Sport Team Name % Correct
MLBChicago Cubs
79.7%
MLBSt. Louis Cardinals
78.7%
NFLArizona Cardinals
78.7%
NBACleveland Cavaliers
67.5%
NBABoston Celtics
63%
NFLLos Angeles Chargers
62.6%
NHLVancouver Canucks
59.3%
Sport Team Name % Correct
NFLDallas Cowboys
55.7%
NFLIndianapolis Colts
54.4%
NFLKansas City Chiefs
54.4%
NBALos Angeles Clippers
52.2%
NHLMontreal Canadiens
51.2%
NHLArizona Coyotes
35.2%
NHLWashington Capitals
31.3%

You're not logged in!

Compare scores with friends on all Sporcle quizzes.
OR
Log In

You Might Also Like...

Show Comments

Extras

Top Quizzes Today


Score Distribution

Your Account Isn't Verified!

In order to create a playlist on Sporcle, you need to verify the email address you used during registration. Go to your Sporcle Settings to finish the process.

Report this User

Report this user for behavior that violates our Community Guidelines.

Details: